| 000 | 00942nam a2200277 4500 | ||
|---|---|---|---|
| 001 | 28639 | ||
| 003 | BD-RjUL | ||
| 005 | 20211209051317.0 | ||
| 008 | 140331r19801973caua 001 0 eng | ||
| 020 | _a0876205163 | ||
| 035 | _a(BD-RjUL)28720 | ||
| 040 |
_aDLC _cDLC _dDLC _dBD-RjUL _beng |
||
| 041 | _aeng | ||
| 082 | 0 | 0 |
_a621.381028 _bMOE 1980 |
| 100 | 1 |
_aMottershead, Allen. _987653 |
|
| 245 | 1 | 0 |
_aLaboratory experiments for Electronic devices and circuits : _ban introduction / _cAllen Mottershead. |
| 260 |
_aNew Delhi : _bPrentice Hall, _cc1973 [Reprint 1980]. |
||
| 300 |
_axiv, 640 p. : _billus. ; _c28 cm. |
||
| 504 | _aIncludes Index. | ||
| 650 | 0 |
_aElectronic circuits _xLaboratory manuals. _987654 |
|
| 650 | 0 |
_aElectronic apparatus and appliances _xLaboratory manuals. _987655 |
|
| 700 | 1 |
_aMottershead, Allen. _tElectronic devices and circuits. _987656 |
|
| 942 |
_2ddc _cBK |
||
| 999 |
_c28639 _d28639 |
||